000 00744nam a22001937a 4500
999 _c217442
_d217442
008 201130b ||||| |||| 00| 0 eng d
040 _bger
_cDE-2950
_erda
_aDE-2950
041 _ager
100 _aMatschkowiak, René:
245 _aTaufe in der Oder.
_bGlauben: Mehr als 100 Gäste feierten einen Gottesdienst auf dem Ziegenwerder. Eingeladen hatte die Kirchengemeinde Frankfurt (Oder)-Lebus /
_cRené Matschkowiak
653 _aFrankfurt (Oder)
653 _aKirche
653 _aTaufe
773 _dFrankfurt (Oder): Märkisches Verlags- und Druckhaus GmbH & Co KG
_g32. Jahrgang (2021) Nr. 142 vom 22.06.2021, S.15: Foto
_tMärkische Oderzeitung
942 _cA